| 000 | 01272cad a22002295a 4500 | ||
|---|---|---|---|
| 001 | E148570 | ||
| 008 | 091005s2008 xxk f 000 0 eng d | ||
| 035 | _a(Sirsi) u148570 | ||
| 041 | 0 | _aeng | |
| 050 | 0 | 4 | _a658.404 $2 18 |
| 110 | 2 |
_aRoyal Institution of Chartered Surveyors _94900 |
|
| 245 | 0 | 0 |
_aQuantity surveyor services _bfor use with the RICS Scotland standard form of consultant's appointment and RICS Scotland short form of consultant's appointment |
| 260 |
_aCoventry _bRICS _c2008 |
||
| 300 |
_a[8p.] _c30cm. |
||
| 490 | _aRICS Standard Form | ||
| 520 | _aRICS Consultancy form of appointment. For use with the RICS standard form of consultant's appointment and the RICS short form of consultant's appointment. Provides the list of core services and supplementary services to be provided by a quantity surveyor as part of a project. Includes a schedule of meetings to be attended by the Consultant. Contains work stages from the Royal Institute of British Architects Outline Plan of Work 2007 (preparation, design, pre-construction, construction, and use). Written in plain English. | ||
| 521 | _aAdvanced | ||
| 651 | 4 |
_aScotland _y1999- |
|
| 690 | _aBUILT ENVIRONMENT-BUILDING CONTRACT FORMS | ||
| 690 |
_aQuantity surveying _96263 |
||
| 942 |
_n0 _2ddc |
||
| 999 |
_c110111 _d110111 |
||